| 000 | 00474nam a2200169Ia 4500 | ||
|---|---|---|---|
| 003 | GCL | ||
| 008 | 140319s9999 xx 000 0 eng d | ||
| 040 |
_aGCL / _cGCL |
||
| 082 | 0 | 4 |
_a782.10924 _bK V |
| 100 | 1 | _aKIMBELL, DAVID R. B | |
| 245 | 1 | 0 |
_aVERDI IN THE AGE OF ITALIAN ROMANTICISM / _cKIMBELL, DAVID R. B |
| 260 |
_a[S.N] : _bCAMLRIDGE UNIVERSITY PRESS ، _c1985 |
||
| 300 | _a706 P | ||
| 650 | 0 | 4 | _aOPERA |
| 650 | 0 | 4 | _aVERDI, GIUSEPPE 1813 - 1901 |
| 942 |
_2ddc _cBK |
||
| 999 |
_c17850 _d17850 |
||